01694nam a22002537u 4500001001000000003000400010005001700014008004100031040000800072041000800080084002400088100001900112245008800131260008600219490004800305520089000353650002501243650002101268650002901289651001801318651000801336830006101344856003501405pwiiw3894OSt20260517120329.0140608t2014 au ||||| |||| 00| ||eng d cOSt aeng aN74aO18aR422jelc1 aHolzner, Mario10aThe Effects of Highway Construction in the Balkans: Insights from the Via Militaris aWien :bWiener Institut für Internationale Wirtschaftsvergleiche (wiiw),c2014.1 awiiw Balkan Observatory Working Papersv112 aAbstract The economic effects of the construction of modern road transport infrastructure in the Balkans, one of  Europe’s economically most backward regions, is being analysed in an instrumental variables setting. In  order to avoid endogeneity the construction of new highways is being instrumented by the proximity to  the major ancient Roman road network that was originally constructed mainly for military purposes, such as the Via Militaris that used to run diagonally through the Balkan Peninsula. First results for Croatian municipalities in the period of analysis between the two census years of 2001 and 2011 suggest that the construction and opening of new highway sections had not only substantial positive economic effects, as measured by the change in employment, on the municipalities where the construction took place but also on the neighbouring municipalities.  aEconomic Development aSoutheast Europe aTransportation Economics aBalkan States aSEE 0v112wWIIW0000140twiiw Balkan Observatory Working Papers40uhttps://wiiw.ac.at/p-3894.html